[Event "SVK ECo-C Extraliga 2018-19"]
[Site "Slovakia"]
[Date "2019.03.09"]
[Round "7.8"]
[White "Fiacan, Robert"]
[Black "Federic, Jozef"]
[Result "1-0"]
[WhiteElo "2242"]
[BlackElo "2207"]
[Annotator "NA"]
[PlyCount "67"]
[EventDate "2018.11.10"]
[EventType "team-tourn"]
[EventCountry "SVK"]
[SourceTitle "playchess.com"]
[Source "ChessBase"]
[SourceQuality "1"]
[WhiteTeam "Snina"]
[BlackTeam "Modra"]
[TimeControl "40/5400+30:1800+30"]

1. e4 {[%emt 0:00:00]} c5 {[%emt 0:00:00]} 2. Nc3 {[%emt 0:00:00]} e6 {[%emt 0:00:00]} 3. f4 {[%emt 0:00:19]} Nc6 {[%emt 0:01:54]} 4. Nf3 {[%emt 0:00:42]} d6 {[%emt 0:01:38]} 5. Bc4 {[%emt 0:04:50]} Nf6 {[%emt 0:01:15]} 6. d3 {[%emt 0:07:28]} Be7 {[%emt 0:01:05]} 7. O-O {[%emt 0:01:10]} O-O {[%emt 0:00:27]} 8. Bb3 {[%emt 0:07:09]} Na5 {[%emt 0:09:02]} 9. e5 {[%emt 0:06:36]} dxe5 {[%emt 0:03:32]} 10. fxe5 {[%emt 0:00:18]} Nd7 {[%emt 0:00:25]} 11. Qe1 {[%emt 0:04:07]} b6 {[%emt 0:09:42]} 12. Qg3 {[%emt 0:05:25]} Kh8 {[%emt 0:10:02]} 13. Ng5 {[%emt 0:15:34]} Bxg5 {[%emt 0:06:19]} 14. Bxg5 {[%emt 0:00:27]} f6 {[%emt 0:00:23]} 15. exf6 {[%emt 0:03:43]} Nxf6 {[%emt 0:04:07]} 16. Ne4 {[%emt 0:06:06]} Nxb3 {[%emt 0:10:32]} 17. axb3 {[%emt 0:02:25]} Qd4+ {[%emt 0:13:49]} 18. Kh1 {[%emt 0:01:16]} Bb7 {[%emt 0:00:58]} 19. Nxf6 {[%emt 0:08:42]} gxf6 {[%emt 0:00:39]} 20. c3 {[%emt 0:00:32]} Qd5 {[%emt 0:11:47]} 21. Rxf6 {[%emt 0:06:34]} Rg8 {[%emt 0:00:07]} 22. h4 {[%emt 0:00:14]} Rg7 {[%emt 0:01:59]} 23. Raf1 {[%emt 0:02:38]} Rag8 {[%emt 0:02:47]} 24. R6f2 {[%emt 0:07:27]} h6 {[%emt 0:02:34]} 25. Bf6 {[%emt 0:01:21]} Kh7 {[%emt 0:00:01]} 26. Bxg7 {[%emt 0:01:03]} Rxg7 {[%emt 0:00:02]} 27. Qh3 {[%emt 0:01:45]} h5 {[%emt 0:04:05]} 28. Re1 {[%emt 0:02:47]} Rg4 {[%emt 0:00:24]} 29. d4 {[%emt 0:02:07]} cxd4 {[%emt 0:01:57]} 30. c4 {[%emt 0:00:24]} Qd8 {[%emt 0:00:37]} 31. Qd3+ {[%emt 0:00:27]} Be4 {[%emt 0:00:12]} 32. Rxe4 {[%emt 0:00:36]} Qxh4+ {[%emt 0:00:23]} 33. Kg1 {[%emt 0:00:06]} Rxe4 {[%emt 0:00:43]} 34. Re2 {[%emt 0:00:17]} 1-0

[Event "SVK ECo-C Extraliga 2018-19"]
[Site "Slovakia"]
[Date "2019.03.09"]
[Round "7.8"]
[White "Danada, Tomas"]
[Black "Gasa, Patrik"]
[Result "1-0"]
[WhiteElo "2221"]
[BlackElo "2176"]
[Annotator "NA"]
[PlyCount "115"]
[EventDate "2018.11.10"]
[EventType "team-tourn"]
[EventCountry "SVK"]
[SourceTitle "playchess.com"]
[Source "ChessBase"]
[SourceQuality "1"]
[WhiteTeam "Prakovce"]
[BlackTeam "Osuske"]
[TimeControl "40/5400+30:1800+30"]

1. d4 {[%emt 0:00:00]} d5 {[%emt 0:00:00]} 2. c4 {[%emt 0:00:30]} e6 {[%emt 0:00:30]} 3. Nf3 {[%emt 0:00:30]} Nf6 {[%emt 0:00:30]} 4. Nc3 {[%emt 0:00:30]} Be7 {[%emt 0:00:30]} 5. Bf4 {[%emt 0:00:30]} O-O {[%emt 0:00:30]} 6. Rc1 {[%emt 0:00:30]} c6 {[%emt 0:00:30]} 7. e3 {[%emt 0:00:30]} Nbd7 {[%emt 0:00:30]} 8. h3 {[%emt 0:00:30]} a6 {[%emt 0:00:30]} 9. c5 {[%emt 0:00:30]} b6 {[%emt 0:00:30]} 10. b4 {[%emt 0:00:30]} b5 $16 {[%emt 0:00:30]} (10... Ne4 $11 {keeps the balance.}) 11. a4 {[%emt 0:00:30]} Bb7 {[%emt 0:00:30]} 12. Bd3 {[%emt 0:00:30]} Re8 {[%emt 0:00:30]} 13. O-O {[%emt 0:00:30]} Nf8 {[%emt 0:00:30]} 14. Qe2 {[%emt 0:00:30]} Ng6 {[%emt 0:00:30]} 15. Bg3 {[%emt 0:00:30]} Nh5 {[%emt 0:00:30]} 16. Bh2 {[%emt 0:00:30]} f5 {[%emt 0:00:30]} 17. g4 {[%emt 0:00:30]} fxg4 {[%emt 0:00:30]} 18. hxg4 {[%emt 0:00:30]} Nf6 {[%emt 0:00:30]} 19. Bxg6 {[%emt 0:00:30]} hxg6 {[%emt 0:00:30]} 20. Ne5 {[%emt 0:00:30]} g5 {[%emt 0:47:36]} 21. a5 {[%emt 0:46:19]} Nd7 {[%emt 0:01:41]} 22. Nxd7 {[%emt 0:04:07]} Qxd7 {[%emt 0:00:11]} 23. Be5 {[%emt 0:00:24]} Bf6 {[%emt 0:00:20]} 24. f4 {[%emt 0:00:32]} Bxe5 {[%emt 0:03:16]} 25. fxe5 {[%emt 0:00:34]} Rf8 {[%emt 0:01:09]} 26. Qd3 {[%emt 0:01:33]} Rxf1+ {[%emt 0:01:09]} 27. Rxf1 {[%emt 0:00:51]} Rf8 {[%emt 0:00:12]} 28. Rxf8+ {[%emt 0:00:47]} Kxf8 {[%emt 0:00:02]} 29. Qg6 {[%emt 0:00:37]} Qf7 {[%emt 0:07:20]} 30. Qxg5 {[%emt 0:01:37]} Qf3 {[%emt 0:00:18]} 31. Qf4+ {[%emt 0:00:17]} Qxf4 {[%emt 0:01:12]} 32. exf4 {[%emt 0:00:02]} Bc8 {[%emt 0:03:03]} 33. Kf2 {[%emt 0:00:45]} Bd7 {[%emt 0:00:33]} 34. Kg3 {[%emt 0:00:17]} Kf7 {[%emt 0:03:36]} 35. Kh4 {[%emt 0:00:24]} Kg6 {[%emt 0:00:10]} 36. Ne2 {[%emt 0:02:57]} Bc8 {[%emt 0:04:08]} 37. Ng1 {[%emt 0:03:15]} Bd7 {[%emt 0:01:10]} 38. Nf3 {[%emt 0:00:27]} Bc8 {[%emt 0:04:29]} 39. Kg3 {[%emt 0:04:16]} Kh6 {[%emt 0:04:31]} 40. Nh4 {[%emt 0:00:30]} g6 {[%emt 0:00:30]} 41. Nf3 {[%emt 0:37:06]} Bd7 {[%emt 0:30:30]} 42. Kh4 {[%emt 0:00:00]} Bc8 {[%emt 0:00:30]} 43. f5 {[%emt 0:00:00]} gxf5 {[%emt 0:00:30]} 44. gxf5 {[%emt 0:00:00]} exf5 {[%emt 0:00:30]} 45. Kg3 {[%emt 0:00:00]} Be6 {[%emt 0:00:00]} 46. Kf4 {[%emt 0:00:00]} Kg6 {[%emt 0:00:00]} 47. Nh4+ {[%emt 0:00:00]} Kf7 {[%emt 0:00:00]} 48. Nxf5 {[%emt 0:00:00]} Bd7 {[%emt 0:00:00]} 49. Kg5 {[%emt 0:00:00]} Be6 {[%emt 0:00:00]} 50. Nd6+ {[%emt 0:03:39]} Ke7 {[%emt 0:00:00]} 51. Kg6 {[%emt 0:00:09]} Bh3 {[%emt 0:02:00]} 52. Nf5+ {[%emt 0:04:56]} Ke6 {[%emt 0:01:15]} 53. Nh4 {[%emt 0:00:30]} Bg4 {[%emt 0:00:30]} 54. Kg7 {[%emt 0:00:30]} Bh5 {[%emt 0:00:30]} 55. Kf8 {[%emt 0:00:30]} Kd7 {[%emt 0:00:30]} 56. Nf5 {[%emt 0:00:30]} Be8 {[%emt 0:00:30]} 57. Ng7 {[%emt 0:00:30]} Bg6 {[%emt 0:00:30]} 58. e6+ {[%emt 0:00:30]} 1-0

[Event "SVK ECo-C Extraliga 2018-19"]
[Site "Slovakia"]
[Date "2019.03.09"]
[Round "7.8"]
[White "Szucs, Vladimir"]
[Black "Stauder, Matej"]
[Result "1-0"]
[WhiteElo "2155"]
[BlackElo "1949"]
[Annotator "NA"]
[PlyCount "47"]
[EventDate "2018.11.10"]
[EventType "team-tourn"]
[EventCountry "SVK"]
[SourceTitle "playchess.com"]
[Source "ChessBase"]
[SourceQuality "1"]
[WhiteTeam "Podhajska"]
[BlackTeam "Zilina"]
[TimeControl "40/5400+30:1800+30"]

1. d4 {[%emt 0:00:00]} Nf6 {[%emt 0:00:00]} 2. c4 {[%emt 0:00:00]} g6 {[%emt 0:00:00]} 3. Nc3 {[%emt 0:00:11]} Bg7 {[%emt 0:00:00]} 4. e4 {[%emt 0:00:17]} O-O {[%emt 0:00:06]} 5. Nf3 {[%emt 0:00:07]} d6 {[%emt 0:01:16]} 6. Be2 e5 {[%emt 0:01:53]} 7. O-O {[%emt 0:02:43]} Nc6 {[%emt 0:00:20]} 8. d5 {[%emt 0:00:47]} Ne7 {[%emt 0:00:18]} 9. Ne1 {[%emt 0:00:39]} a5 {[%emt 0:02:27]} 10. Be3 {[%emt 0:01:08]} Nd7 {[%emt 0:00:38]} 11. Nd3 {[%emt 0:01:59]} f5 {[%emt 0:00:40]} 12. f3 {[%emt 0:00:16]} Nf6 {[%emt 0:03:02]} 13. c5 {[%emt 0:01:16]} f4 {[%emt 0:03:01]} 14. Bf2 {[%emt 0:01:20]} g5 {[%emt 0:00:06]} 15. cxd6 {[%emt 0:02:07]} cxd6 {[%emt 0:00:52]} 16. Rc1 {[%emt 0:03:32]} Bd7 {[%emt 0:02:28]} 17. Qb3 {[%emt 0:02:29]} b5 {[%emt 0:19:09]} 18. Nxb5 {[%emt 0:06:47]} a4 {[%emt 0:06:29]} 19. Qc4 {[%emt 0:02:37]} Rc8 {[%emt 0:00:15]} 20. Qxa4 {[%emt 0:13:17]} Rb8 {[%emt 0:00:47]} 21. Nb4 {[%emt 0:00:54]} Qe8 {[%emt 0:03:52]} 22. Nc6 {[%emt 0:01:22]} Nxc6 {[%emt 0:14:00]} 23. dxc6 {[%emt 0:01:46]} Be6 {[%emt 0:01:44]} 24. Nc7 {[%emt 0:05:14]} 1-0

[Event "SVK ECo-C Extraliga 2018-19"]
[Site "Slovakia"]
[Date "2019.03.09"]
[Round "7.8"]
[White "Viczencz, Peter"]
[Black "Tropp, Oliver"]
[Result "1/2-1/2"]
[WhiteElo "1979"]
[BlackElo "2169"]
[Annotator "NA"]
[PlyCount "90"]
[EventDate "2018.11.10"]
[EventType "team-tourn"]
[EventCountry "SVK"]
[SourceTitle "playchess.com"]
[Source "ChessBase"]
[SourceQuality "1"]
[WhiteTeam "Komarno"]
[BlackTeam "Liptovska"]
[TimeControl "40/5400+30:1800+30"]

1. e4 {[%emt 0:00:00]} e6 {[%emt 0:00:00]} 2. Qe2 {[%emt 0:00:00]} c5 {[%emt 0:00:51]} 3. Nf3 {[%emt 0:00:15]} Nc6 {[%emt 0:00:43]} 4. g3 {[%emt 0:00:59]} b6 {[%emt 0:00:12]} 5. Bg2 {[%emt 0:00:59]} Bb7 {[%emt 0:00:04]} 6. c3 {[%emt 0:01:34]} d5 {[%emt 0:08:28]} 7. exd5 {[%emt 0:06:00]} Qxd5 {[%emt 0:00:09]} 8. O-O {[%emt 0:00:51]} Nge7 {[%emt 0:01:07]} 9. Na3 $11 {[%emt 0:17:57]} O-O-O {[%emt 0:10:12]} 10. Rd1 {[%emt 0:20:04]} g5 {[%emt 0:31:24]} 11. d4 {[%emt 0:13:48]} g4 {[%emt 0:10:11]} 12. Ne5 {[%emt 0:04:33]} Nxd4 {[%emt 0:00:41]} 13. Bxd5 {[%emt 0:01:14]} Nxe2+ {[%emt 0:00:33]} 14. Kf1 {[%emt 0:00:29]} Rxd5 {[%emt 0:02:26]} 15. Rxd5 {[%emt 0:02:02]} Nxg3+ {[%emt 0:00:40]} 16. hxg3 {[%emt 0:06:06]} Nxd5 {[%emt 0:05:57]} 17. Nxf7 {[%emt 0:01:41]} Rg8 {[%emt 0:00:05]} 18. c4 {[%emt 0:08:50]} Ba6 {[%emt 0:05:35]} 19. Kg1 {[%emt 0:02:10]} Nb4 {[%emt 0:00:07]} 20. Be3 {[%emt 0:04:11]} Be7 {[%emt 0:02:00]} 21. Rd1 {[%emt 0:00:51]} Nxa2 {[%emt 0:04:44]} 22. Bf4 {[%emt 0:03:21]} Nb4 {[%emt 0:04:17]} 23. Re1 {[%emt 0:01:45]} Kd7 {[%emt 0:01:21]} 24. Ne5+ {[%emt 0:01:25]} Ke8 {[%emt 0:00:37]} 25. Nb5 {[%emt 0:00:12]} Bxb5 {[%emt 0:01:26]} 26. cxb5 {[%emt 0:00:05]} Nc2 {[%emt 0:00:17]} 27. Re4 {[%emt 0:00:16]} Nd4 {[%emt 0:02:47]} 28. Nc6 {[%emt 0:00:34]} Nxb5 {[%emt 0:00:04]} 29. Rxe6 {[%emt 0:00:28]} Kd7 {[%emt 0:00:01]} 30. Rh6 {[%emt 0:01:28]} Bd6 {[%emt 0:02:24]} 31. Nxa7 {[%emt 0:00:39]} Bxf4 {[%emt 0:04:03]} 32. Rxh7+ {[%emt 0:00:05]} Ke6 33. Nxb5 {[%emt 0:00:37]} Bc1 {[%emt 0:00:20]} 34. b3 {[%emt 0:00:35]} Rg6 {[%emt 0:00:43]} 35. Kg2 {[%emt 0:00:45]} Bb2 {[%emt 0:01:05]} 36. Rb7 {[%emt 0:00:39]} Kd5 {[%emt 0:00:18]} 37. Rb8 {[%emt 0:00:15]} Kc6 {[%emt 0:01:11]} 38. Na7+ {[%emt 0:00:11]} Kc7 {[%emt 0:00:05]} 39. Re8 {[%emt 0:00:11]} Kb7 {[%emt 0:00:57]} 40. Nb5 {[%emt 0:00:36]} Kc6 {[%emt 0:01:00]} 41. Na7+ {[%emt 0:30:08]} Kb7 {[%emt 0:01:08]} 42. Nb5 {[%emt 0:00:00]} Ka6 {[%emt 0:00:19]} 43. Nc7+ {[%emt 0:00:00]} Ka5 {[%emt 0:00:04]} 44. Re4 {[%emt 0:00:00]} Bd4 {[%emt 0:08:44]} 45. Ne6 {[%emt 0:00:00]} Kb4 {[%emt 0:00:34]} 1/2-1/2

[Event "SVK ECo-C Extraliga 2018-19"]
[Site "Slovakia"]
[Date "2019.03.10"]
[Round "8.1"]
[White "Erdos, Viktor"]
[Black "Piorun, Kacper"]
[Result "0-1"]
[WhiteElo "2612"]
[BlackElo "2634"]
[Annotator "TA"]
[PlyCount "117"]
[EventDate "2018.11.10"]
[EventType "team-tourn"]
[EventCountry "SVK"]
[SourceTitle "playchess.com"]
[Source "ChessBase"]
[SourceQuality "1"]
[WhiteTeam "Streda"]
[BlackTeam "Dunajov"]

{[%evp 13,117,31,28,16,63,44,96,87,105,100,121,131,147,20,69,54,54,44,208,192,315,254,245,160,165,196,185,185,174,52,22,0,0,-270,-246,-270,-159,-160,-160,-154,-148,-156,-143,-250,-229,-242,-223,-239,-243,-250,-246,-280,-295,-286,-288,-395,-380,-375,-288,-493,-229,-220,-231,-231,-220,-208,-206,-245,-234,-252,-250,-301,-323,-312,-318,-310,-295,-458,-458,-484,-474,-538,-534,-1007,-1003,-870,-896,-1869,-1751,-29975,-29976,-29974,-29976,-29977,-29968,-29978,-29965,-29984,-29985,-29985,-29985,-29986,-29987,-29987,-29988,-29989]} 1. Nf3 d5 2. d4 Nf6 3. c4 dxc4 4. e3 b5 5. a4 b4 6. Nbd2 {D25: Queen's Gambit Accepted: 4 e3: sidelines and 4...Bg4} (6. Bxc4 e6 7. O-O Be7 8. Qe2 O-O 9. b3 Bb7 10. Bb2 Nbd7 11. Nbd2 c5 12. Rac1 Rc8 {½-½ (27) Bu,X (2730)-Inarkiev,E (2689) Riadh 2017}) 6... e6 7. Nxc4 Be7 {LiveBook: 6 Games} 8. Bd3 {White has an edge.} O-O $146 ({Predecessor:} 8... Bb7 9. O-O c5 10. Qe2 Nbd7 11. Rd1 cxd4 12. exd4 O-O {½-½ (20) Atalik,E (2447)-Badelka,O (2404) Valjevo 2018}) 9. e4 {[%cal Be3e4,Be4e5][%mdl 32]} Bb7 (9... Ba6 $14) 10. e5 $16 Nfd7 11. h4 $1 {And now Bxh7+! would win.} h6 12. Rh3 $1 f5 13. Bf4 (13. exf6 $1 $16 Rxf6 14. Rg3) 13... Be4 14. Rg3 $36 {[%mdl 2048] Bxh6 is the strong threat. White has good play.} (14. Ne3 $5 {[%cal Rd3c4]}) 14... Bxh4 15. Rh3 Be7 $2 {[#]} (15... Bxd3 $14 16. Qxd3 Bg5 17. Bxg5 hxg5) 16. Bxh6 $1 $18 {Black must now prevent Bxe4.} gxh6 (16... Rf7 {keeps fighting.}) 17. Bxe4 fxe4 18. Nfd2 Bg5 {Hoping for ...Nb6.} 19. Nxe4 Qe8 20. Nxg5 hxg5 21. Qc2 (21. Qd3 $18 {[%csl Gh3][%cal Rd3h7]} Qf7 22. O-O-O) 21... Qf7 $1 $14 {[%cal Rf7f5]} 22. Ne3 {[#]} b3 $1 {[%cal Rb3c2]} 23. Qe4 $2 {[%mdl 8192] [#]} (23. Qd3 $11 {and White stays safe.} Qxf2+ 24. Kd1) (23. Qxb3 Qxf2+) 23... Nc5 $1 $19 {[%mdl 512]} 24. Qg4 {aiming for 0-0-0.} (24. dxc5 Qxf2+) 24... Nd3+ (24... Qxf2+ $19 25. Kd1 Qf4) 25. Kd2 $17 Nxf2 ({Don't play} 25... Qg6 $6 26. Rah1 $15) 26. Qxg5+ Qg7 27. Qxg7+ Kxg7 28. Rh4 {[#]} (28. Rg3+ $17 {is the only way for White.} Kh8 29. Rf3) 28... c5 $1 $19 {Strongly threatening ...cxd4.} 29. Rc1 (29. dxc5 Nd7) 29... Nd7 30. Ke2 cxd4 31. Rxd4 Nxe5 32. Rc7+ Kg6 33. Rb7 Nh1 34. Rb5 Ng3+ 35. Ke1 Nf5 36. Re4 $2 (36. Nxf5 {was forced.} Rxf5 37. Rxb3) 36... Nd6 (36... Nd3+ $142 37. Ke2 Nxb2 38. Rg4+ Kf6 39. Rxb3 Rab8 40. Rxb8 Rxb8 41. Nxf5 exf5) 37. Rexe5 Nxb5 38. axb5 {[%mdl 4096] Endgame KRR-KRN} Kf7 39. Re4 Rab8 40. Rb4 Rfc8 41. Nc4 {intending Nd6+.} Rc5 42. Na3 Rg8 43. g4 Rcg5 44. Nc4 Kf6 45. b6 (45. Rxb3 $142 Rxg4 46. Ne3) 45... Rxg4 ({Less strong is} 45... axb6 46. Rxb6 Rxg4 47. Ne3 $19) 46. bxa7 Ra8 47. Ra4 Rg7 48. Ra3 Raxa7 49. Rxb3 Rg2 {[%cal Ra7a1]} 50. Rf3+ Kg5 {[%cal Ra7a1]} 51. Rf2 Rxf2 {Black mates.} 52. Kxf2 {KR-KN} Kf4 53. Ke2 e5 {[%cal Be6e5,Be5e4,Be4e3][%mdl 32]} 54. Kd2 e4 55. Kc3 Rc7 56. b3 e3 57. Kd3 {[#]} Rxc4 $1 {[%mdl 512]} 58. bxc4 Kf3 59. Kd4 {Precision: White = 51%, Black = 72%.} 0-1

[Event "SVK ECo-C Extraliga 2018-19"]
[Site "Slovakia"]
[Date "2019.03.10"]
[Round "8.1"]
[White "Papp, Gabor"]
[Black "Ponizil, Cyril"]
[Result "1-0"]
[WhiteElo "2603"]
[BlackElo "2491"]
[Annotator "TA"]
[PlyCount "95"]
[EventDate "2018.11.10"]
[EventType "team-tourn"]
[EventCountry "SVK"]
[SourceTitle "playchess.com"]
[Source "ChessBase"]
[SourceQuality "1"]
[WhiteTeam "Slovan"]
[BlackTeam "Dubnica"]

{[%evp 11,95,31,31,35,36,24,29,26,40,26,38,21,21,21,21,29,29,29,38,41,28,26,25,25,16,20,16,0,15,15,15,15,15,17,22,6,24,21,32,33,35,34,46,50,53,33,33,21,32,14,15,0,32,30,33,30,30,30,33,33,33,28,37,17,124,29,95,96,309,309,303,303,303,303,366,366,363,352,339,311,1037,1020,5610,5474,5297,5297]} 1. e4 c5 2. Nf3 e6 3. d4 cxd4 4. Nxd4 a6 5. c4 Nf6 6. Nc3 Bb4 7. Qd3 {B41: Sicilian: Kan Variation: 5 c4} d5 (7... Qc7 8. Nc2 Bc5 9. Be2 O-O 10. O-O Nc6 11. Kh1 d6 12. f4 Bd7 13. a3 Rad8 14. b4 Ba7 {½-½ (115) Karjakin,S (2782)-Caruana,F (2816) Paris 2018}) 8. exd5 exd5 9. Be2 {White has an edge.} O-O 10. O-O Nc6 {And now ...dxc4 would win.} 11. Nxc6 bxc6 12. cxd5 Nxd5 13. Nxd5 Qxd5 14. Qg3 Re8 15. Bf3 $146 Qb5 {( -> ...Qxf1+!)} 16. Be3 Be6 17. a4 Qb7 $1 18. Rac1 Rac8 19. h4 (19. h3 {looks sharper.} Bf8 20. Bd4 Qb4 21. Bc3 Qxa4 22. Ra1) 19... Bd5 20. Bxd5 cxd5 21. Rxc8 Rxc8 22. Rd1 Bf8 23. Bd4 h6 24. b3 Re8 25. Qd3 Qb4 26. g3 Re1+ 27. Rxe1 Qxe1+ 28. Kg2 Qe6 29. Qe3 Qc6 30. Qe5 Qb7 31. Qe3 Qc6 32. Kh2 Qb7 33. Qc3 Bb4 34. Qd3 Bf8 35. Qe3 Qc6 36. Qc3 Qb7 37. Qa5 f6 {[#]} (37... Kh7 $11 {remains equal.}) 38. Bb6 (38. Qd8 $1 $16) 38... Qc6 {[#]} (38... Be7 $11 {keeps the balance.}) 39. b4 $1 $16 ({Reject} 39. Qxa6 $6 Bc5 $11) 39... Kf7 $2 (39... Qc4 $16 {was called for.} 40. b5 axb5 41. Qxb5 Qxb5 42. axb5 Kf7) 40. Qxa6 $18 Bxb4 41. Qa7+ Ke6 42. a5 {[%cal Ba4a5,Ba5a6,Ba6a7][%mdl 32]} g5 43. hxg5 hxg5 44. a6 {Black must now prevent Qb8.} Bd6 45. Bd4 Qa4 $2 (45... Bc7 46. Qc5 Qxc5 47. Bxc5 Bb8) 46. Qb6 {White is clearly winning.} Kf5 47. a7 Kg6 48. Qb1+ {Accuracy: White = 69%, Black = 40%.} 1-0

[Event "SVK ECo-C Extraliga 2018-19"]
[Site "Slovakia"]
[Date "2019.03.10"]
[Round "8.1"]
[White "Aczel, Gergely"]
[Black "Mazur, Stefan"]
[Result "1-0"]
[WhiteElo "2542"]
[BlackElo "2428"]
[Annotator "TA"]
[PlyCount "63"]
[EventDate "2018.11.10"]
[EventType "team-tourn"]
[EventCountry "SVK"]
[SourceTitle "playchess.com"]
[Source "ChessBase"]
[SourceQuality "1"]
[WhiteTeam "Podhajska"]
[BlackTeam "Liptovska"]

{[%evp 15,63,40,56,46,39,31,43,31,38,45,31,21,80,74,87,90,85,-2,61,64,112,108,125,123,115,127,272,258,255,257,252,284,253,258,188,147,375,-17,-18,-18,0,-26,458,426,767,760,752,687,738,714]} 1. d4 Nf6 2. c4 g6 3. f3 Bg7 4. e4 d6 5. Nc3 O-O 6. Bg5 c5 7. d5 e6 8. Qd2 Qa5 9. Bf4 {E81: King's Indian: Sämisch: 6th move deviations (including 6 Be3 c6)} (9. Rc1 exd5 10. cxd5 Nbd7 11. Nh3 a6 12. Be2 b5 13. b3 Re8 14. O-O Nh5 15. Nf2 Nb6 16. g4 Nf6 {1-0 (50) Ponomariov,R (2754)-Vovk,Y (2550) Kiev 2011}) 9... exd5 $146 ({Predecessor:} 9... Rd8 10. Bd3 a6 11. Nge2 exd5 12. exd5 b5 13. O-O bxc4 14. Bxc4 Bb7 15. Bh6 Re8 16. Ng3 Nbd7 17. Bxg7 Kxg7 {½-½ (29) Kratochvil,J (2262)-Fritsche,F (2328) ICCF email 2016}) 10. cxd5 Ne8 11. g4 {White is slightly better.} a6 12. Bh6 b5 13. h4 b4 (13... Bxh6 $11 {keeps the balance.} 14. Qxh6 f6) 14. Nd1 $16 {[%cal Bc3d1,Bd1e3,Be3c4][%mdl 32]} Bxh6 15. Qxh6 Qd8 16. g5 (16. Nh3 $16) 16... Qe7 ({Black should play} 16... Ng7 $1 $11) 17. h5 $1 $14 Ra7 {[#]} 18. Ne3 $1 $36 {[%mdl 2048] Keeping Black busy.} Qe5 19. Nc4 Qg3+ {[#]} 20. Kd2 $1 (20. Ke2 Re7 $14) 20... f5 (20... Qf2+ $16 {was necessary.} 21. Be2 a5) 21. hxg6 $18 Rg7 22. Bd3 {Black must now prevent Ne2.} (22. gxh7+ $6 Kh8 $16) 22... fxe4 23. Bxe4 {Strongly threatening Ne2.} Qf4+ 24. Kc2 Bf5 25. Re1 Nd7 $2 (25... Bxg6 $16 26. Rh4 Bxe4+ 27. Rxe4 Qxg5 28. Qe6+ Kh8) 26. Nh3 $2 (26. Rh4 $18 Bxe4+ 27. Rxe4) 26... Qxf3 $1 $11 27. Qh4 hxg6 {Hoping for ...Rh7.} 28. Rh2 {And now Nf2 would win.} Re7 $2 {[%mdl 8192]} (28... Ne5 $11 {and Black is okay.} 29. Nxe5 dxe5) 29. Nf2 $18 {White threatens Qh8+ and mate.White is clearly winning.} Bxe4+ (29... Qh5 $142 30. Qg3 (30. Qxh5 gxh5 31. Bxf5 {[%mdl 64] Discovered Attack} Rxe1 $11) 30... Rxe4 31. Nxe4 Qg4) 30. Nxe4 {White wants to mate with Qh8+.} ({Weaker is} 30. Rxe4 Qxf2+ 31. Rxf2 Rxf2+ 32. Kb3 (32. Qxf2 Rxe4 33. Qf1 Ne5 $16) 32... Re2 $18) 30... Qh5 31. Qg3 Qf3 {[#]} 32. Nf6+ $1 {[%mdl 576] Discovered Attack. Accuracy: White = 63%, Black = 30%.} 1-0

[Event "SVK ECo-C Extraliga 2018-19"]
[Site "Slovakia"]
[Date "2019.03.10"]
[Round "8.1"]
[White "Babula, Vlastimil"]
[Black "Cvek, Robert"]
[Result "1/2-1/2"]
[WhiteElo "2541"]
[BlackElo "2512"]
[Annotator "TA"]
[PlyCount "57"]
[EventDate "2018.11.10"]
[EventType "team-tourn"]
[EventCountry "SVK"]
[SourceTitle "playchess.com"]
[Source "ChessBase"]
[SourceQuality "1"]
[WhiteTeam "Snina"]
[BlackTeam "Osuske"]

{[%evp 9,57,17,26,1,12,20,22,22,41,35,37,44,31,8,39,39,43,36,40,0,6,6,8,14,6,0,1,0,0,0,0,0,0,0,0,0,0,1,9,13,16,11,17,17,17,10,10,6,6,5]} 1. d4 d5 2. c4 e6 3. Nc3 Be7 4. Nf3 Nf6 5. Bf4 O-O 6. a3 {D37: Queen's Gambit Declined: 5 Bf4} (6. e3 b6 7. Bd3 dxc4 8. Bxc4 Ba6 9. Bxa6 Nxa6 10. Qa4 Qc8 11. O-O c5 12. Rac1 Qb7 13. a3 Rfc8 14. Nb5 Nb8 15. dxc5 bxc5 {½-½ (35) Shankland,S (2725)-Anand,V (2773) Wijk aan Zee 2019}) 6... dxc4 7. e3 c5 8. Bxc4 cxd4 9. Nxd4 $146 ({Predecessor:} 9. exd4 Nc6 10. Bg3 {1-0 (24) Mahler,S (1265)-Heyne,K (1110) Berlin 2006}) 9... Nbd7 10. Bg3 Nb6 11. Ba2 Nbd5 12. Nxd5 Nxd5 13. O-O Qb6 14. Qe2 Bd7 {The position is equal.} 15. Bxd5 exd5 16. Rfd1 Bf6 17. Rd2 Rfe8 {[#] aiming for ...Bxd4.} 18. Qd1 Rac8 19. h3 Bxd4 20. Rxd4 Qxb2 21. Rb4 Qc3 22. Rxb7 {[%mdl 64] [#] Double Attack} Ba4 $1 {[%cal Ra4d1]} 23. Qb1 a6 24. Kh2 Bc2 25. Qb2 Qxb2 26. Rxb2 h6 27. Rc1 Ba4 28. Rxc8 Rxc8 29. Rb6 {Accuracy: White = 54%, Black = 67%.} 1/2-1/2